LEADER 01211nam a2200277 i 4500 001 000000074794 003 CaOOAMICUS 005 20040617000000.0 008 040617s2000 it u000 u ita u 013 $a45966 020 $a88-900404-5-9 040 $aSeMil$bita 100 1 $aParesce, Renato <1886-1937>.$0(OLS)http://semarc/name/37029 245 10$aRené Paresce 1886-1937 /$ca cura di Beatrice Buscaroli Fabbri [e] Rachele Ferrario. 260 $aVicenza :$bEdisai,$ccopyr. 2000. 300 $a179 p. :$briccamente ill. ;$c24 cm. 500 $aContiene : Bibliografia. - In testa al front. : Dedica auografa dell'Autore. 650 4$aParesce, Renato <1886-1937> - Esposizioni.$0(OLS)http://semarc/subject/15281 700 1 $aFerrario, Rachele.$0(OLS)http://semarc/name/37031 700 1 $aBuscaroli Fabbri, Beatrice.$0(OLS)http://semarc/name/37030 850 $aSeMil 852 $aSeMil$W1$xVenegono$y1$m5I VI 106$j40946$B40946$CSeMilBibl$Z2$F40950 $81 961 $aOmaggio: Autore 996 $6020$a88-900404-5-9$9(OLS)http://semarc/number/55126 996 $6245$aRené Paresce 1886-1937$9(OLS)http://semarc/title/121298 996 $6260$aVicenza :$bEdisai$9(OLS)http://semarc/publisher/43201 LEADER 00445nab a2200145 i 4500 001 000000268324 003 CaOOAMICUS 005 20080310000000.0 008 080310n xx uu u0 0und r 013 $a13543 040 $aSeMil$bita 245 10$aIndex Volume 58, 2006. 500 $a2006. 773 0 $t[2006].$dGeneva : World Council of Churches, copyr. 2006 (stampa 2006-2007)$w()155222 996 $6245$aIndex Volume 58, 2006.$9(OLS)http://semarc/title/358698